00866nam a2200265Ia 450000500170000000800410001702000150005804100080007310000290008124500890011025000250019926400330022430000260025733600270028333700330031033800280034349000250037153400310039665000250042765000270045265000310047970000440051004000350055408400110058920220316235333.0121119s2002 ck gr 000 f spa  a95830014301 aspa1 aWilde, Oscar,d1854-190013aEl retrato de Dorian GraycOscar Wilde ; traducción de José Luis López Muñoz aQuinta reimpresión 1aBogotábPanamericanac2002 a296 páginasc21 cm. atextobtxt2rdacontent asin mediaciónbn2rdamedia avolumenbnc2rdacarrier0 aLiteratura universal tThe picture of Dorian Gray142LEMBaNovela inglesa142LEMBaBelleza personal142LEMBaNovela psicológica1 aLópez Muñoz, José Luisetraductor aCO-BoRNBPbspaerdacCO-BoRNBP aN WIL1